Minecraft "Minecraft" Advancements (Tree) - Statistics

General Stats
  • This quiz has been taken 61 times
  • The average score is 11 of 16
Answer Stats
Answer % Correct
Minecraft
90%
Stone Age
83%
Diamonds!
80%
Isn't it Iron Pick
80%
The End?
78%
Getting an Upgrade
75%
Suit Up
75%
Acquire Hardware
73%
Hot Stuff
73%
Eye Spy
70%
Ice Bucket Challenge
70%
We Need to Go Deeper
68%
Cover Me With Diamonds
65%
Zombie Doctor
60%
Enchanter
58%
Not Today, Thank You
50%
No matching quizzes found
Score Distribution
Percent of People with Each Score
Percentile by Number Answered
Your Score History
You have not taken this quiz